[Event "1st Goa GM Open 2018"]
[Site "Taleigao"]
[Date "2018.10.16"]
[Round "5"]
[White "Mohite, Ranveer"]
[Black "Anuj Shrivatri"]
[Result "1/2-1/2"]
[WhiteElo "2091"]
[BlackElo "2345"]
[Annotator "TA"]
[PlyCount "208"]
[EventDate "2018.10.13"]
[EventType "swiss"]
[EventCountry "IND"]
[SourceTitle "playchess.com"]
[Source "ChessBase"]
[SourceQuality "1"]

{[%evp 35,208,13,22,0,0,0,-5,-3,-3,-7,0,0,15,2,2,2,2,2,0,4,0,0,0,0,0,-20,4,0,23,18,60,45,74,-28,0,-28,0,0,0,0,0,-18,0,0,7,0,0,0,7,0,0,0,0,0,-2,-49,0,0,0,0,0,0,0,0,0,0,0,0,0,0,0,0,0,0,0,0,0,0,0,0,0,0,1,1,1,0,0,0,0,0,0,0,0,0,0,0,0,0,0,0,0,0,0,0,0,0,0,0,0,0,0,0,0,0,20,0,0,0,0,0,0,0,0,0,41,0,41,0,41,0,41,0,41,0,41,0,41,0,31,0,15,0,11,0,0,0,0,0,0,0,0,0,0,0,0,0,0,0,0,0,0,0,25,0,0,0,0,0,0,0,0,0,0,0,0]} 1. e4 e5 2. Nf3 Nc6 3. Bb5 a6 4. Ba4 Nf6 5. O-O Be7 6. Re1 b5 7. Bb3 d6 8. c3 O-O 9. h3 Nb8 10. d4 Nbd7 11. Nbd2 Bb7 12. Bc2 Re8 13. Nf1 Bf8 14. Ng3 g6 15. a4 c5 16. d5 c4 17. Be3 Nc5 {C95: Closed Ruy Lopez: Breyer Variation with 10 d4} (17... Qc7 18. Qe2 Nc5 19. Nd2 h5 20. Rec1 Bg7 21. Ngf1 Reb8 22. Ra2 Nfd7 23. Rca1 Nb6 24. g4 hxg4 25. hxg4 Nbxa4 {0-1 (50) Duda,J (2599)-Adams,M (2758) Germany 2015}) 18. Nd2 Nfd7 {LiveBook: 5 Games} 19. Kh2 $146 ({Predecessor:} 19. Qe2 Qc7 20. Qg4 Bg7 21. Qh4 Nb6 22. axb5 axb5 23. Bh6 f6 24. Bxg7 Qxg7 25. Qg4 {0-1 (110) Cukrowski,F (2320)-Salomon,J (2438) Stockholm 2016}) 19... Nb6 20. Ngf1 Qc7 21. a5 Nbd7 22. Qe2 Bc8 23. Rec1 Bg7 24. b3 cxb3 25. Nxb3 Nxb3 26. Bxb3 Nc5 27. Bc2 Bd7 28. Nd2 f5 29. f3 Rac8 30. Qe1 f4 31. Bf2 Bf8 32. c4 b4 33. Rcb1 Rb8 34. Qg1 ({White should try} 34. Nb3 $16) 34... Rec8 35. Bxc5 (35. Nb3 {is interesting.} h5 36. Nxc5 dxc5 37. h4 Qd8 38. Qe1) 35... dxc5 36. Ba4 Bxa4 37. Rxa4 Bd6 38. Nb3 Qe7 39. Qf2 Rf8 40. Rh1 Rf7 41. Kg1 {[%cal Bh2g1,Bg1f1,Bf1e2,Be2d3,Bd3c2][%mdl 32]} Rg7 42. Kf1 Kf7 {[%cal Bg8f7,Bf7e8,Be8d7,Bd7c8][%mdl 32]} 43. Ke2 Ke8 44. Kd3 Kd7 45. Kc2 Kc8 46. Raa1 Kb7 47. Nc1 Ka8 48. Nd3 g5 49. Kb3 Rbg8 50. Qa2 Qd7 51. Nf2 (51. Qa4 {feels hotter.} Qc7 52. Kc2 Kb8 53. Kd2 h5 54. Nf2) 51... h5 52. Qa4 Qxa4+ 53. Kxa4 Kb7 54. Kb3 Kc7 55. Kc2 Kd7 56. Kb3 Ke7 57. Kc2 Kf6 58. Kb3 Rb8 59. Rad1 Ke7 60. Rd2 Rg6 61. Rdd1 Bc7 62. Ra1 Kd6 63. Ra2 Rg7 64. Raa1 Rh8 65. Ra2 Rgh7 66. Raa1 Bd8 67. Kc2 Rb7 68. Kb3 Rhh7 69. Rh2 Bc7 70. Rhh1 Rh6 71. Rh2 Kd7 72. Rhh1 Kd6 73. Rh2 Kd7 74. Rhh1 Bd6 75. Ra2 Rb8 76. Raa1 Rbh8 77. Kc2 Ke7 78. Kb3 Kf6 79. Kc2 Kg6 80. Kb3 Rb8 81. Rh2 Rb7 82. Rhh1 Rbh7 83. Kc2 Rh8 84. Kb3 Ra8 85. Kc2 Rd8 86. Kb3 Rb8 87. Rh2 Kf6 88. Rhh1 Rg8 89. Kc2 Rhg6 90. Kb3 Ke7 91. Rh2 Kd7 92. Rhh1 Bf8 93. Rad1 Kd6 94. Rd2 Kd7 95. Rdd1 Bd6 96. Rd2 Ke8 97. Rdd1 Rh6 98. Kc2 Rgh8 99. Kb3 Kf7 {The position is equal.} 100. Ra1 Kg6 101. Kc2 R6h7 102. Kb3 Kf6 103. Kc2 Kf7 104. Kb3 Kg6 {Precision: White = 58%, Black = 57%.} 1/2-1/2

[Event "1st Goa GM Open 2018"]
[Site "Taleigao"]
[Date "2018.10.16"]
[Round "5"]
[White "Nayak Rajesh"]
[Black "Jubin Jimmy"]
[Result "0-1"]
[WhiteElo "2084"]
[BlackElo "2308"]
[Annotator "TA"]
[PlyCount "102"]
[EventDate "2018.10.13"]
[EventType "swiss"]
[EventCountry "IND"]
[SourceTitle "playchess.com"]
[Source "ChessBase"]
[SourceQuality "1"]

{[%evp 23,102,22,8,0,0,0,0,-30,-27,-50,-34,-28,0,-39,-34,-23,-25,-37,-32,-66,-10,-52,20,29,102,-65,-72,-71,-73,-73,-62,-65,-16,-22,-19,-19,0,-21,-22,-18,-10,-12,0,-11,-3,-13,-13,-79,0,-16,-20,-20,-13,-19,-20,-20,-13,-20,-28,-36,-13,-37,0,0,0,0,0,0,0,0,0,-12844,-12844,-12845,-12845,-12845,-12846,-12846,-12847,-12847,-12847]} 1. e4 c6 2. d4 d5 3. Nd2 {[%cal Bb1d2,Bd2e4,Be4g5][%mdl 32]} dxe4 4. Nxe4 Nd7 5. Ng5 Ngf6 6. Bd3 e6 7. N1f3 Bd6 8. Qe2 h6 9. Ne4 Nxe4 10. Qxe4 Nf6 11. Qe2 b6 12. Ne5 {B17: Caro-Kann: Modern Line (4...Nd7)} (12. O-O O-O 13. Ne5 Qc7 14. Bf4 Bb7 15. Rad1 Rad8 16. Bg3 c5 17. dxc5 Qxc5 18. Ng4 Nh5 19. Bxd6 Rxd6 {1-0 (48) Smirnov,A (2549)-Le,Q (2715) chess.com INT 2018}) 12... Bb7 {LiveBook: 12 Games} 13. f4 O-O 14. Bd2 {The position is equal.} c5 15. dxc5 Bxc5 16. Be3 $146 ({Predecessor:} 16. O-O-O Qc7 17. Rhe1 Rfd8 18. g4 Bd4 19. Kb1 Rac8 {1-0 (39) Dominguez Gonzalez,I (2285)-Perez Prieto,G (1980) Spain 1998}) 16... Nd5 17. Bd2 Nf6 18. Be3 $1 Bxe3 19. Qxe3 Qd5 20. Rg1 Rfd8 21. g4 Rac8 (21... Ne4 $15) 22. Rd1 Ne4 (22... Qxa2 $15 23. g5 hxg5 24. fxg5 Ne4 $1 {[%mdl 512]}) 23. Ke2 $1 $11 f6 (23... Ba8 $11) 24. Bxe4 $2 (24. Bc4 $1 $16 {Threatens to win with g5.} fxe5 25. Bxd5 Rxc2+ 26. Kd3 Rxb2 27. Kxe4 exd5+ 28. Kf3 (28. Kxe5 Re8+ 29. Kd4 Rb4+ 30. Kd3 Ba6+ 31. Kc3 Rc4+ 32. Kd2 Rxe3 $11) 28... d4+ 29. Kg3) 24... Qxe4 $15 25. Rxd8+ Rxd8 26. Qxe4 Bxe4 27. Nd3 Bxd3+ 28. cxd3 {[%mdl 4096] Endgame KR-KR} Rc8 29. Kd2 Kf7 30. Re1 g5 31. Re4 Rc7 32. h3 Rc6 33. a3 Kg6 34. fxg5 hxg5 35. Rc4 (35. b3 $11 {keeps the balance.}) 35... Rd6 ({Black should play} 35... Rxc4 $17 36. dxc4 Kf7) 36. Ke3 Rd7 37. Rc6 e5 {With the idea ...Rh7.} 38. Rc2 Rh7 39. Rh2 Rh4 40. Kf3 f5 41. gxf5+ Kf6 42. Rh1 g4+ 43. Kg3 Rxh3+ 44. Rxh3 gxh3 45. Kxh3 Kxf5 $11 {K3P-K3P} 46. Kg3 e4 47. d4 $2 {[%mdl 8192]} (47. Kf2 $11) 47... Ke6 $1 $19 {[%cal Re6d5] Black is clearly winning.} 48. Kf4 Kd5 49. Ke3 {[#]} b5 $1 {[%cal Bb6b5,Bb5b4][%mdl 32]} 50. b3 {[#]} a5 $1 51. a4 b4 {Precision: White = 45%, Black = 36%.} 0-1

[Event "1st Goa GM Open 2018"]
[Site "Taleigao"]
[Date "2018.10.16"]
[Round "5"]
[White "Mushini Ajay"]
[Black "Raahul V S"]
[Result "0-1"]
[WhiteElo "1966"]
[BlackElo "2294"]
[Annotator "TA"]
[PlyCount "70"]
[EventDate "2018.10.13"]
[EventType "swiss"]
[EventCountry "IND"]
[SourceTitle "playchess.com"]
[Source "ChessBase"]
[SourceQuality "1"]

{[%evp 26,70,38,-18,-18,-24,-23,-38,-12,-29,7,7,6,-5,-36,-95,-88,-85,-57,-120,-108,-233,-233,-192,-162,-196,-203,-193,-200,-269,-204,-190,-168,-200,-184,-477,-470,-512,-491,-514,-499,-497,-511,-483,-389,-858,-854]} 1. e4 e5 2. Nf3 Nc6 3. Bb5 {[%cal Bf1b5,Bb5a4,Ba4b3,Bb3a2][%mdl 32]} a6 4. Ba4 Nf6 5. O-O b5 6. Bb3 Bb7 7. d3 Be7 8. Nc3 O-O 9. Bd2 d6 10. a4 {C84: Spanische Partie (Mittelgambit)} Na5 11. Ba2 b4 12. Nd5 Nxd5 13. exd5 c6 14. dxc6 {LiveBook: 3 Partien} (14. Bxb4 $14 cxd5 15. Qd2) 14... Nxc6 $11 15. Bd5 Qa5 {[#]} 16. Bb3 $146 ({Vorgänger:} 16. Ba2 d5 17. Re1 Bd6 {0-1 (61) Bologan,V (2535)-Shirov,A (2610) Moscow 1991}) 16... d5 17. Re1 Bd6 18. c3 Rae8 19. cxb4 Nxb4 20. d4 ({Günstiger ist} 20. Re2 $15) 20... e4 $17 21. Ne5 Qd8 22. Bc3 ({Besser ist} 22. a5 $15) 22... f6 {[%cal Bf7f6,Bf6f5,Bf5f4][%mdl 32]} 23. Qd2 (23. Ng4 $17) 23... a5 $19 ({Nicht} 23... fxe5 24. Bxb4 Rf7 25. Bxd6 $11) 24. Ng4 Qd7 25. Ne3 {[#]} f5 $1 26. Nc2 {[%cal Rc2b4]} Nd3 27. Rf1 f4 {Droht ...f3 und aus.} 28. f3 {[#]} Kh8 $1 {...La6 ist eine echte Drohung.} 29. Bxa5 Ba6 $36 {[%mdl 2048] Weiss muss nun ...e3 beachten. Schwarz bestimmt, wo es lang geht.} ({Keinesfalls} 29... Nxb2 30. Bc3 $17) 30. Na3 $2 (30. Bxd5 e3 31. Qc3) 30... e3 31. Qc2 Bb4 32. Bxb4 Nxb4 33. Qc3 Bxf1 34. Rxf1 Qe7 {Und ...Tc8 würde nun gewinnen.} 35. Re1 $2 (35. Nc2 Nxc2 36. Bxc2) 35... Rc8 {Precision: Weiß = 17%, Schwarz = 77%.} 0-1

[Event "1st Goa GM Open 2018"]
[Site "Taleigao"]
[Date "2018.10.17"]
[Round "6"]
[White "Kravtsiv, Martyn"]
[Black "Gajwa Ankit"]
[Result "0-1"]
[WhiteElo "2654"]
[BlackElo "2224"]
[Annotator "TA"]
[PlyCount "44"]
[EventDate "2018.10.13"]
[EventType "swiss"]
[EventCountry "IND"]
[SourceTitle "playchess.com"]
[Source "ChessBase"]
[SourceQuality "1"]

{[%evp 9,44,0,25,13,22,0,0,0,15,0,-9,-32,-22,-21,-32,-114,-123,-121,-112,-116,-106,-101,-92,-99,-98,-122,-93,-118,-104,-936,-947,-947,-941,-891,-876,-1016,-1007]} 1. d4 Nf6 2. Bf4 g6 3. Nc3 d5 4. e3 Bg7 5. h4 O-O 6. h5 {A45: Trompowsky Attack} c5 7. dxc5 Qa5 8. hxg6 {The position is equal.} hxg6 9. Nf3 $146 {[%cal Bg1f3,Bf3d2,Bd2b3][%mdl 32]} ({Predecessor:} 9. Qd2 Nc6 10. Nf3 Qxc5 11. Nd4 {1-0 (36) Bauer,C (2630)-Zujev,O (2363) Switzerland 2018}) 9... Nc6 10. Nd2 Qxc5 11. Nb3 Qb6 12. Rh4 ({Much weaker is} 12. Nxd5 Nxd5 13. Qxd5 Nb4 $17) ({White should try} 12. a3 $15) 12... e5 $17 13. Bg5 {[#]} d4 $1 {[%cal Rd4c3][%mdl 512]} 14. Bxf6 (14. exd4 exd4) 14... Bxf6 15. Nd5 Qd8 16. Nxf6+ Qxf6 17. g3 {[%cal Re3d4]} dxe3 18. fxe3 {[#]} Rd8 $1 $40 {[%cal Rd8d1][%mdl 128] Black is out for blood.} 19. Qc1 $2 {[%mdl 8192]} (19. Qe2 $17) 19... Qf3 $19 {Black is clearly winning.} 20. Rh2 Qxg3+ 21. Rf2 e4 22. Bg2 Ne5 {Precision: White = 48%, Black = 100%.} 0-1

[Event "1st Goa GM Open 2018"]
[Site "Taleigao"]
[Date "2018.10.17"]
[Round "6"]
[White "Amonatov, Farrukh"]
[Black "Laxman, R.R."]
[Result "1-0"]
[WhiteElo "2615"]
[BlackElo "2443"]
[Annotator "TA"]
[PlyCount "59"]
[EventDate "2018.10.13"]
[EventType "swiss"]
[EventCountry "IND"]
[SourceTitle "playchess.com"]
[Source "ChessBase"]
[SourceQuality "1"]

{[%evp 14,59,0,0,9,-4,10,13,26,8,0,0,3,9,35,36,40,43,89,92,93,93,91,78,97,98,76,99,110,99,191,182,287,280,371,343,365,363,354,351,485,481,490,467,726,697,864,848]} 1. e4 e5 2. Nf3 Nc6 3. Bb5 Nf6 4. d3 Bc5 5. Bxc6 bxc6 6. O-O {C65: Ruy Lopez: Berlin Defence (3...Nf6), unusual lines and 4 0-0 Bc5} d6 7. Be3 Bxe3 8. fxe3 {LiveBook: 3 Games. The position is equal.} c5 $146 ({Predecessor:} 8... O-O 9. Qe1 Qe7 10. Nc3 {½-½ (10) Grover,S (2469)-Sethuraman,S (2582) Dharamshala 2014}) 9. h3 O-O 10. Nc3 Qe7 11. a3 a5 12. a4 c6 13. Qe1 c4 14. dxc4 Ba6 15. Nd2 d5 16. exd5 cxd5 17. Rxf6 Qxf6 18. Nxd5 Qh6 19. b3 f5 20. Nf3 {[%cal Bd2f3,Bf3d4,Bd4e6][%mdl 32]} Bb7 21. Rd1 ({Much worse is} 21. Nxe5 $6 Qe6 $11) 21... Rae8 (21... Rad8 $16 {might work better.}) 22. Qxa5 $18 e4 (22... g5 {keeps fighting.}) 23. Nd4 Kh8 24. Qb6 Qh5 25. Rf1 ({Less strong is} 25. Qxb7 Qxd1+ 26. Kh2 Qb1 $14) 25... Bxd5 26. cxd5 f4 27. Ne6 {White is clearly winning.} Qe2 {[#] ( -> ...f3)} 28. exf4 e3 (28... Qd2 $142 29. Nxf8 Rxf8) 29. Nxf8 Rxf8 30. Qd4 {Precision: White = 86%, Black = 25%.} 1-0

[Event "1st Goa GM Open 2018"]
[Site "Taleigao"]
[Date "2018.10.17"]
[Round "6"]
[White "Tukhaev, Adam"]
[Black "Ziatdinov, Raset"]
[Result "1-0"]
[WhiteElo "2556"]
[BlackElo "2265"]
[Annotator "TA"]
[PlyCount "65"]
[EventDate "2018.10.13"]
[EventType "swiss"]
[EventCountry "IND"]
[SourceTitle "playchess.com"]
[Source "ChessBase"]
[SourceQuality "1"]

{[%evp 22,65,30,14,45,14,39,41,30,43,50,43,37,35,60,51,102,97,130,112,103,106,188,185,196,187,337,327,479,481,458,426,948,951,936,918,1169,1157,1164,1159,1131,1124,1094,1046,12832,12830]} 1. e4 e5 2. Nf3 Nc6 3. Bb5 a6 4. Ba4 Nf6 5. O-O Be7 6. Re1 b5 7. Bb3 d6 8. c3 O-O 9. h3 Na5 10. Bc2 c5 11. d4 Nd7 12. a4 b4 {C96: Closed Ruy Lopez: Chigorin Defence: 11 d4, replies other than 11...Qc7} 13. cxb4 (13. Nbd2 Rb8 14. Nf1 b3 15. Bd3 exd4 16. cxd4 c4 17. Be2 c3 18. Ng3 Nf6 19. Bd3 Nc6 20. d5 {0-1 (37) Quesada Perez,Y (2627)-Caruana,F (2811) chess.com INT 2018}) 13... cxb4 14. Nbd2 Rb8 {White is slightly better.} 15. Nb3 Bf6 16. Nxa5 Qxa5 17. Bb3 $146 ({Predecessor:} 17. Be3 Bb7 18. Nh2 exd4 19. Bxd4 Bxd4 20. Qxd4 {½-½ (42) Huebner,R-Glauser,H Groningen 1965}) 17... exd4 18. Nxd4 {Hoping for Nc6.} Bxd4 (18... Qc7 $14) 19. Qxd4 $16 Nc5 20. Bd5 Be6 21. Bf4 Rfd8 (21... Qd8 $16) 22. Re3 $1 $18 {[%cal Re3g3]} Bxd5 23. exd5 {And now Bh6! would win.} f6 (23... Rd7 $142 24. Rc1 Ra8) 24. Re7 Rb7 (24... Re8 $142) 25. Rae1 {aiming for Bxd6!White is clearly winning.} Rxe7 26. Rxe7 {Threatens to win with Bxd6!} Kf8 {[#]} (26... Rd7 $142) 27. Qe3 $1 Qxa4 28. Ra7 {White threatens Qe7+ and mate.} Qe8 {[#]} 29. Bxd6+ $1 {[%mdl 512]} Rxd6 30. Qxc5 Qe1+ 31. Kh2 Qe5+ {[#]} 32. g3 $1 {White wants to mate with Qc7.} Qxd5 33. Qc7 {Precision: White = 100%, Black = 10%.} 1-0

[Event "1st Goa GM Open 2018"]
[Site "Taleigao"]
[Date "2018.10.17"]
[Round "6"]
[White "Bernadskiy, Vitaliy"]
[Black "Ter-Sahakyan, Samvel"]
[Result "1-0"]
[WhiteElo "2547"]
[BlackElo "2547"]
[Annotator "TA"]
[PlyCount "137"]
[EventDate "2018.10.13"]
[EventType "swiss"]
[EventCountry "IND"]
[SourceTitle "playchess.com"]
[Source "ChessBase"]
[SourceQuality "1"]

{[%evp 26,137,0,0,0,-14,0,0,0,0,0,0,0,-9,0,0,0,-4,0,-21,11,-22,41,16,26,21,10,15,33,22,51,0,0,-23,-7,-8,-8,0,-10,-33,89,102,116,122,126,44,44,44,67,66,67,70,70,70,89,96,93,90,118,110,90,49,67,44,70,70,104,108,161,159,208,170,170,157,151,41,173,170,181,191,189,183,187,137,350,318,354,304,409,404,383,366,416,416,575,552,1125,1270,920,804,1064,949,29955,29957,29951,6491,29970,29970,29967,29969,29969,29969,29968,29967]} 1. e4 c5 2. Nf3 d6 3. d4 cxd4 4. Nxd4 Nf6 5. Nc3 a6 6. Be2 e5 7. Nb3 Be7 8. Bg5 Be6 9. Bxf6 Bxf6 10. Qd3 {B92: Sicilian Najdorf: 6 Be2} Be7 11. Nd5 (11. Rd1 Nd7 12. Nd5 Bxd5 13. Qxd5 b5 14. Bg4 Nf6 15. Qc6+ Kf8 16. Bh3 g6 17. O-O Kg7 {0-1 (56) Nisipeanu,L (2672)-Giri,A (2782) Dortmund 2018}) 11... Nd7 12. O-O-O Bxd5 13. Qxd5 Qc7 14. Kb1 {LiveBook: 8 Games} O-O 15. Qc4 Qb6 16. Rhf1 Rac8 17. Qd3 Rc6 $146 ({Predecessor:} 17... Rfd8 18. Bg4 {½-½ (18) Falcon,B (2024)-Quirhuayo Chumbe,G (2215) Montevideo 2016}) 18. g3 Qc7 19. f4 Rd8 20. c3 b5 21. Bg4 Nf6 22. Bf3 g6 23. h4 Qb6 ({Better is} 23... a5 $11) 24. h5 b4 25. cxb4 Qxb4 26. hxg6 hxg6 27. Rh1 {Threatening Qf1.} Rb8 28. Qe3 (28. Qe2 $14) 28... Bf8 $11 (28... Qc4 $2 29. Rc1 $18) 29. Qd2 Nxe4 30. Qd5 $132 {[%mdl 2048] White is fighting back} (30. Qh2 Bg7 $17) 30... Nc3+ $1 31. bxc3 Rxc3 32. Be2 {[%cal Bf3e2,Be2c4,Bc4d5][%mdl 32] Strongly threatening Rc1.} (32. fxe5 $2 Rb5 $19) 32... a5 (32... Qa4 $15 {stays ahead.} 33. Rd2 exf4) 33. Rc1 $1 $16 {[%cal Rc1c3]} exf4 34. Bc4 $1 {[%csl Gc4][%cal Rd5f7]} Rxc1+ 35. Rxc1 (35. Kxc1 $16 {[%csl Gc4][%cal Rd5f7]} Qc3+ 36. Kd1) 35... Qb7 $1 $14 36. a4 ({Much worse is} 36. gxf4 a4 $11) 36... fxg3 37. Rg1 Qxd5 38. Bxd5 Rb4 39. Rxg3 Kg7 {[#]} 40. Bc6 $1 Be7 41. Ka2 Bd8 42. Rd3 Bc7 43. Bb5 Re4 44. Nd2 Rf4 45. Nc4 Rf6 46. Rd5 Kh6 (46... Rf4 $16 47. Kb3 (47. Nxd6 Bxd6 48. Rxd6 g5 $16) 47... f5) 47. Bd7 $18 g5 48. Nxa5 {Bf5 is the strong threat.} Rf4 49. Nb3 g4 {[#]} 50. Rd3 (50. Ka3 $1 $16) 50... Kg5 (50... d5 $14) 51. a5 {[%cal Ba4a5,Ba5a6][%mdl 32]} Rf2+ 52. Ka3 f5 53. a6 Bb8 54. Nd4 Ba7 $2 (54... f4 $16 {was called for.}) 55. Nb5 Bc5+ 56. Kb3 Rf4 57. Nxd6 Rb4+ 58. Kc3 Rb6 59. Bb5 Rb8 {intending ...Bxd6.} 60. Ne4+ fxe4 {[%mdl 4096] Endgame KRB-KRB} 61. Rd5+ Kf4 62. Rxc5 {KRB-KR} g3 63. Bf1 Rb1 64. a7 Ra1 65. Rc7 Ke3 66. Rf7 {White mates.} Ra3+ 67. Kb4 Ra1 68. Bg2 Kd4 69. Re7 {Precision: White = 74%, Black = 38%.} 1-0

[Event "1st Goa GM Open 2018"]
[Site "Taleigao"]
[Date "2018.10.17"]
[Round "6"]
[White "Sivuk, Vitaly"]
[Black "Idani, Pouya"]
[Result "1/2-1/2"]
[WhiteElo "2545"]
[BlackElo "2588"]
[Annotator "TA"]
[PlyCount "124"]
[EventDate "2018.10.13"]
[EventType "swiss"]
[EventCountry "IND"]
[SourceTitle "playchess.com"]
[Source "ChessBase"]
[SourceQuality "1"]

{[%evp 17,124,-73,-72,-81,-62,-71,-64,-89,-70,-96,-118,-113,-126,-120,-112,-131,-139,-152,-145,-143,-129,-157,-131,-172,-159,-159,-164,-141,-118,-122,-115,-118,-112,-140,-138,-146,-144,-152,-144,-145,-126,-157,-149,-145,-150,-165,-89,-91,-93,-87,-30,-50,-50,-48,0,0,0,0,0,0,0,0,24,-18,-10,-10,0,0,0,-15,0,-8,20,8,8,-14,-14,-14,-14,-14,-14,-309,-304,-245,-272,-244,-177,-289,-109,-105,-90,-90,-89,-186,-179,-175,-173,-177,-175,-799,-687,-687,-687,-687,-665,-537,-26,-26,-26]} 1. d4 Nf6 2. Bf4 g6 3. Nc3 d5 (3... c5 4. dxc5 Qa5 5. a3 Qxc5 6. e4 Bg7 7. Nf3 d6 8. h3 O-O 9. Qd2 b6 10. O-O-O Bb7 11. Be3 {1-0 (48) Nabaty,T (2692)-Almasi,Z (2702) Batumi 2018}) 4. e3 Bg7 5. h4 c6 6. h5 {A45: Trompowsky Attack} Nxh5 7. Rxh5 gxh5 8. Qxh5 Nd7 9. Bd3 Nf6 {LiveBook: 3 Games} 10. Qh2 Be6 $146 ({Predecessor:} 10... Ng4 11. Qh5 Be6 12. f3 {½-½ (31) Cabarkapa,N (2418)-Gajcin,M (2122) Palic 2016}) 11. f3 h5 {[%cal Bh7h5,Bh5h4][%mdl 32]} 12. Nge2 Qd7 13. O-O-O Bf5 14. Be5 Bxd3 15. Rxd3 Rh7 16. Nf4 h4 17. Nce2 Qf5 18. Rb3 b6 19. a4 Kf8 20. Nd3 Bh6 21. Bf4 Bxf4 22. Nexf4 Nd7 23. Rc3 Rc8 24. Nb4 Nb8 25. a5 bxa5 26. Nbd3 Nd7 27. Ra3 Nb6 28. Rxa5 Nc4 29. Rxa7 Nxe3 30. Qg1 Nc4 $1 31. b3 Nd6 ({Worse is} 31... Qg5 32. bxc4 h3 33. c5 $16) (31... e5 $19 32. dxe5 Nxe5) 32. Qe3 $17 Re8 33. Ne5 Rg7 (33... Qc8 $17) 34. Nxc6 {[%cal Ra7e7]} Qg5 35. Kb2 e6 (35... Nf5 $5 {[%cal Rf5e3]} 36. Qd2 (36. Qe5 Qf6 $15) 36... Kg8 $15) 36. Rd7 Nc8 {[%cal Bd6c8,Bc8e7,Be7f5,Bf5g3,Bg3f1][%mdl 32]} 37. Ne5 $36 {[%mdl 2048] White is pushing.} Kg8 38. Ng4 Ne7 39. Rb7 Kh8 40. c3 Rf8 41. b4 Nf5 42. Qe5 Ng3 43. b5 (43. Kc2 {with more complications.} Qf5+ 44. Qxf5 Nxf5 45. Rd7 Ra8 46. Kd3) 43... Qxe5 44. dxe5 Nf1 45. b6 {Hoping for Kc2.} Nd2 46. Ne3 Nc4+ 47. Nxc4 dxc4 $11 {[%mdl 4096] Endgame KRR-KRN} 48. Ka3 {And now Kb4 would win.} Rxg2 49. Rc7 $2 {[%mdl 8192] [#]} (49. Nxg2 $11 {and White stays safe.} h3 50. Rd7 hxg2 51. Rd1) 49... Ra8+ $1 $19 50. Kb4 Rb2+ 51. Kc5 Ra5+ 52. Kc6 (52. Kd4 {only move.}) 52... Rab5 $2 ({Much less strong is} 52... Rxe5 53. Rxf7 Reb5 54. Rb7 $19) (52... Kg8 $19 53. b7 Rab5 54. Rc8+ Kg7 55. Nh5+ Kg6) 53. Rxf7 $17 Rxb6+ 54. Kc5 R2b5+ 55. Kxc4 (55. Kd4 $17) 55... Kg8 $19 56. Rf6 Rxe5 {Strongly threatening ...Rc6+.} 57. Rh6 Rc6+ 58. Kd4 $2 (58. Kd3) 58... Rec5 {...e5+ is the strong threat.} 59. Nxe6 Ra5 60. f4 {[#]} h3 $1 {[%cal Rh3h2][%mdl 512]} 61. Ke4 {[#]} (61. Rxh3 Rd6+) 61... Rxc3 $2 ({Black should play} 61... h2 $1 $19 {( -> ...Rxe6+!)} 62. Rxh2 Rxe6+ 63. Kd4 Rd6+ 64. Ke3 Rc6) 62. Ng5 $1 $11 Ra4+ {Precision: White = 41%, Black = 58%.} 1/2-1/2

[Event "1st Goa GM Open 2018"]
[Site "Taleigao"]
[Date "2018.10.17"]
[Round "6"]
[White "Karthik Venkataraman"]
[Black "Ritviz, Parab"]
[Result "1/2-1/2"]
[WhiteElo "2525"]
[BlackElo "2252"]
[Annotator "TA"]
[PlyCount "91"]
[EventDate "2018.10.13"]
[EventType "swiss"]
[EventCountry "IND"]
[SourceTitle "playchess.com"]
[Source "ChessBase"]
[SourceQuality "1"]

{[%evp 17,91,55,61,44,50,52,49,37,48,31,45,40,39,45,100,100,195,179,222,227,296,293,562,535,683,643,1137,917,1129,1133,989,958,1210,1194,1192,1191,1030,556,550,563,523,496,496,525,488,427,407,381,372,320,352,343,354,366,453,447,583,575,575,575,1000,981,956,935,1185,694,685,590,863,876,1193,1189,1135,1125,1129,1112]} 1. d4 Nf6 2. c4 g6 3. Nc3 Bg7 4. e4 d6 5. Be2 O-O 6. Bg5 Nbd7 7. Nf3 e5 8. d5 a5 9. Nd2 Nc5 10. h4 {E92: King's Indian: Classical: 6 Be2 e5: 7 dxe5, 7 Be3 and Petrosian System without 7...Nbd7} (10. O-O h6 11. Be3 Nh7 12. a3 f5 13. b4 axb4 14. axb4 Rxa1 15. Qxa1 Na6 16. Qa3 f4 17. Ba7 g5 18. c5 g4 {0-1 (40) Dominguez Perez,L (2732)-Mamedov,R (2650) Huaian 2016}) 10... h6 11. Be3 h5 12. f3 {White is slightly better.} Bd7 13. Nf1 $146 ({Predecessor:} 13. Qc2 b6 14. O-O-O a4 15. a3 Qb8 16. Rdg1 Qb7 17. g4 hxg4 18. fxg4 {1-0 (31) Nguyen,N (2629)-Kalugampitiya,R (2159) Ashkhabad 2017}) 13... Qc8 14. Qd2 Re8 15. Bh6 Bh8 ({Black should play} 15... Qd8 $14) 16. O-O-O $16 Ra6 {[#]} (16... c6 $16 {was called for.}) 17. g4 $1 $18 hxg4 {[#]} 18. h5 $1 {[%cal Bh4h5,Bh5g6][%mdl 544]} gxf3 (18... Nxh5 19. Rxh5 gxh5 20. Qg5+ Kh7 21. Qxh5 $16) 19. Bxf3 Bg4 $2 (19... g5 20. Bxg5 (20. Qxg5+ Kh7 $16) 20... Kf8) 20. Bxg4 Nxg4 21. hxg6 Bf6 22. Nh2 Nd3+ 23. Qxd3 {And now Nxg4 would win.} Nxh6 24. Qg3 Re7 25. Rdg1 {Threatens to win with gxf7+.} Bg7 26. gxf7+ Rxf7 27. Nf3 Qg4 28. Qxg4 Nxg4 29. Ng5 ({Less strong is} 29. Rxg4 Rxf3 30. Rhg1 Rf7 $16) 29... Nf6 30. Nxf7 Kxf7 31. Kc2 c6 32. Rh3 Ra8 33. Kd3 Rc8 34. Rf1 Ke7 35. Ne2 b5 {Now ...bxc4+ and Black clings on.} 36. b3 {[%cal Bb2b3,Bb3c4,Bc4d5][%mdl 32] White is clearly winning.} bxc4+ 37. bxc4 cxd5 38. cxd5 Nd7 39. Rh7 Rg8 40. Ng3 Kd8 41. Nf5 Bf8 42. Rb1 Kc8 43. Rb5 a4 44. Ra5 Nc5+ 45. Ke3 {[%cal Ra5a8]} Kb8 46. Rh1 {[%mdl 32768] Precision: White = 83%, Black = 27%. . An unexpected result.} 1/2-1/2

[Event "1st Goa GM Open 2018"]
[Site "Taleigao"]
[Date "2018.10.17"]
[Round "6"]
[White "Karthik Venkataraman"]
[Black "Ritviz, Parab"]
[Result "1-0"]
[WhiteElo "2525"]
[BlackElo "2252"]
[Annotator "TA"]
[PlyCount "26"]
[EventDate "2018.10.13"]
[EventType "swiss"]
[EventCountry "IND"]
[SourceTitle "playchess.com"]
[Source "ChessBase"]
[SourceQuality "1"]

{[%evp 1,1,1]} 1. b3 {Predecessor:} d5 $146 2. Bb2 c5 3. e3 Nc6 4. Nf3 Nf6 5. Bb5 Bd7 6. c4 a6 7. Bxc6 Bxc6 8. Ne5 Rc8 9. O-O e6 10. d3 Be7 11. Nd2 O-O 12. f4 Nd7 13. Nxc6 Rxc6 {1-0 (33) Karjakin,S (2773)-Duda,J (2737) chess.com INT 2018} 1-0